New constructions of functions holomorphic in the unit ball of CN

Αποθηκεύτηκε σε:
Λεπτομέρειες βιβλιογραφικής εγγραφής
Κύριος συγγραφέας: Rudin, Walter, 1921-2010
Συγγραφή απο Οργανισμό/Αρχή: Conference Board of the Mathematical Sciences
Μορφή: Βιβλίο
Γλώσσα:English
Δημοσίευση: Rhode island : American Mathematical Society, c1986
Σειρά:Regional conference series in mathematics ; ; 63
Θέματα:
Ετικέτες: Προσθήκη ετικέτας
Δεν υπάρχουν, Καταχωρήστε ετικέτα πρώτοι!

MARC

LEADER 00000cam a2200000 i 4500
001 1/27005
008 960422s1986 eng d
020 |a 0-8218-0713-7 
035 |a 1993  |l 10037723 
040 |a GR-MY-UA  |b gre  |e aacr 
041 0 |a eng 
082 0 |a 515.98 
100 1 |a Rudin, Walter,   |d 1921-2010. 
245 1 0 |a New constructions of functions holomorphic in the unit ball of CN /  |c Walter Rudin 
260 |a Rhode island :   |b American Mathematical Society,   |c c1986 
300 |a 78 p.;  |c 25 cm. 
490 1 |a Regional conference series in mathematics  |v ; 63 
500 |a Expository lectures from the CBMS regional conference held at Michigan State University, June 16-20, 1985. 
500 |a Includes references 
650 0 0 |a Holomorphic functions. 
710 2 |a Conference Board of the Mathematical Sciences. 
830 0 |a Regional conference series in mathematics ;  |v ; 63 
852 |a INST  |b SAMOS  |e 19960422  |h 515.98 RUD  |p 005300007509  |q 005300007509  |t BK  |y 0 
909 |a Σ  |b 033419